Para Roberto Bolaño (Registro nro. 35530)

Detalles MARC
000 -CABECERA
Longitud fija campo de control 01035cam a2200289 a 4500
003 - • IDENTIFICADOR DELl NÚMERO DE CONTROL
Identificador del número de control CO-ViMGA
005 - • FECHA Y HORA DE LA ÚLTIMA TRANSACCIÓN
Fecha y hora de la última transacción 20230915233132.0
008 - • CÓDIGOS DE INFORMACIÓN DE LONGITUD FIJA
Códigos de información de longitud fija 060516s2005 ck a 000 0dspa
020 ## - • NÚMERO INTERNACIONAL NORMALIZADO PARA LIBROS
Número Internacional Normalizado para Libros (ISBN) 9588160952
040 ## - FUENTE DE LA CATALOGACIÓN
Centro catalogador de origen CO-ViMGA
Lengua de catalogación spa
Centro transcriptor CO-ViMGA
043 ## - CÓDIGO DE ÁREA GEOGRÁFICA
Código de área geográfica s-cl---
100 10 - • PUNTO DE ACCESO PRINCIPAL-NOMBRE DE PERSONA
Nombre de persona Herralde, Jorge
245 10 - • TITULO PROPIAMENTE DICHO
Título Para Roberto Bolaño
Mención de responsabilidad, etc. Jorge Herralde
250 ## - • MENCIÓN DE EDICIÓN
Mención de edición 1. edicin̤
300 ## - • DESCRIPCIÓN FÍSICA
Extensión 110 pg̀inas
Dimensiones 21 cm.
490 ## - • MENCIÓN DE SERIE
Mención de serie Coleccin̤ dorada. Interes general
490 ## - • MENCIÓN DE SERIE
Mención de serie Villegas testimonio
600 14 - • PUNTO DE ACCESO ADICIONAL DE MATERIA - NOMBRE DE PERSONA
Nombre de persona Bolaño, Roberto,
Fechas asociadas al nombre 1953-2003
Subdivisión de materia general (R ) Critica e interpretacion
600 14 - • PUNTO DE ACCESO ADICIONAL DE MATERIA - NOMBRE DE PERSONA
Nombre de persona Bolaño, Roberto
Fechas asociadas al nombre 1953-2003
Subdivisión de materia general (R ) Colecciones de escritos
600 14 - • PUNTO DE ACCESO ADICIONAL DE MATERIA - NOMBRE DE PERSONA
Nombre de persona Bolaño, Roberto
Fechas asociadas al nombre 1953-2003
Subdivisión de materia general (R ) Correspondencia, Memorias, Etc.
650 14 - • PUNTO DE ACCESO ADICIONAL DE MATERIA - TÉRMINO DE MATERIA
Fuente del encabezamiento o término LEMB
Término de materia o nombre geográfico como elemento inicial Poesia chilena
Subdivisión de materia general Historia y critica
650 14 - • PUNTO DE ACCESO ADICIONAL DE MATERIA - TÉRMINO DE MATERIA
Fuente del encabezamiento o término LEMB
Término de materia o nombre geográfico como elemento inicial Literatura Chilena
Subdivisión de materia general Historia y critica
700 10 - • PUNTO DE ACCESO ADICIONAL - NOMBRE DE PERSONA
Nombre de persona Villegas Jimňez, Benjamn̕
Fechas asociadas al nombre 1948-
Término indicativo de función editor
942 ## - ENTRADA DE ELEMENTOS AGREGADOS (KOHA)
Fuente de clasificaión o esquema Dewey Decimal Classification
Koha [por defecto] tipo de item LIbro
Existencias
Perdido Fuente de clasificación o esquema Estado Físico No para préstamo Forma de adquisición Localización permanente Localización actual Fecha adquisición Préstamos totales Signatura completa Código de barras Fecha última consulta Número de copia Fecha del precio de reemplazo Tipo de item de Koha Localización en estanterías Número de registro Fuente de adquisición
  Dewey Decimal Classification     Colección General Biblioteca Pública Cumaral - Alvaro Garzon Torres Biblioteca Pública Cumaral - Alvaro Garzon Torres 07/19/2024   PHERP1 CUM1162 07/19/2024 Ej.1 07/19/2024 LIbro Literatura    
  Dewey Decimal Classification     Colección General Biblioteca Pública San Carlos de Guaroa - Eduardo Carranza Biblioteca Pública San Carlos de Guaroa - Eduardo Carranza 10/31/2023   P HERP1 SG01231 10/31/2023 Ej.1 10/31/2023 LIbro Literatura    
  Dewey Decimal Classification     Colección General Biblioteca Pública Barranca de Upia - María Dolores Herrera Biblioteca Pública Barranca de Upia - María Dolores Herrera 10/02/2023   P HERP1 BUP00789 10/02/2023 Ej.1 10/02/2023 LIbro Literatura    
  Dewey Decimal Classification     Sala General Segundo Piso Biblioteca Pública Germán Arciniegas - Villavicencio Biblioteca Pública Germán Arciniegas - Villavicencio 06/10/2016   P HERP1 30091 06/10/2016 Ej. 1 06/10/2016 LIbro      
  Dewey Decimal Classification     Literatura General Biblioteca Pública Granada - Boca del Monte Biblioteca Pública Granada - Boca del Monte 04/06/2026   N-HER GRDA05322 04/06/2026 Ej.1 04/06/2026 LIbro Literatura   BIBLIOTECA NACIONAL DE COLOMBIA
  Dewey Decimal Classification       Biblioteca Pública Mesetas - Franco lodo Poloxi Biblioteca Pública Mesetas - Franco lodo Poloxi 11/18/2024   P HERP1 ME000588 11/18/2024 Ej.1 11/18/2024 LIbro Literatura 9588160952  









Instituto Departamental de Cultura del Meta - Red Departamental de Bibliotecas Públicas del Meta.